Normal view
MARC view
- Audio Visual aids
Entry Topical Term
001 - CONTROL NUMBER
- control field: 107330
003 - CONTROL NUMBER IDENTIFIER
- control field: NUST
005 - DATE AND TIME OF LATEST TRANSACTION
- control field: 20230123091454.0
008 - FIXED-LENGTH DATA ELEMENTS
- fixed length control field: 230123|| aca||aabn | a|a d
040 ## - CATALOGING SOURCE
- Original cataloging agency: NUST
- Transcribing agency: NUST
150 ## - HEADING--TOPICAL TERM
- Topical term or geographic name entry element: Audio Visual aids
670 ## - SOURCE DATA FOUND
- Source citation: Work cat.: (NUST)185787: McKown, Harry 107329, Audio visual aids to instruction / , 1949
